Statistics for Real Madrid most G+A each season 2020s

Click here to take the quiz!

General Stats

  • This quiz has been taken 28 times
  • The average score is 10 of 12

Answer Stats

SeasonAnswer% Correct
2019-20
38
Karim Benzema
100%
2020-21
39
Karim Benzema
100%
2021-22
58
Karim Benzema
100%
2022-23
35
Karim Benzema
100%
2021-22
17
Rodrygo
96%
2022-23
28
Rodrygo
96%
2021-22
38
Vinicius Junior
96%
2022-23
39
Vinicius Junior
96%
2019-20
14
Toni Kroos
83%
2020-21
15
Toni Kroos
83%
2020-21
12
Casemiro
50%
2019-20
13
Sergio Ramos
42%

Score Distribution

Percentile by Number Answered

Percent of People with Each Score

Your Score History

You have not taken this quiz